Strategic management of technological innovation / (Record no. 4479)

000 -LEADER
fixed length control field 01138cam a2200325 i 4500
001 - CONTROL NUMBER
control field 20727021
003 - CONTROL NUMBER IDENTIFIER
control field OSt
005 - DATE AND TIME OF LATEST TRANSACTION
control field 20260330143029.0
008 - FIXED-LENGTH DATA ELEMENTS--GENERAL INFORMATION
fixed length control field 181031s2020 nyua b 001 0 eng
010 ## - LIBRARY OF CONGRESS CONTROL NUMBER
LC control number 2018051192
020 ## - INTERNATIONAL STANDARD BOOK NUMBER
International Standard Book Number 9781260087956
Qualifying information (alk. paper)
020 ## - INTERNATIONAL STANDARD BOOK NUMBER
International Standard Book Number 1260087956
Qualifying information (bound edition)
020 ## - INTERNATIONAL STANDARD BOOK NUMBER
International Standard Book Number 9781260166477
Qualifying information (loose-leaf edition)
020 ## - INTERNATIONAL STANDARD BOOK NUMBER
International Standard Book Number 1260166473
Qualifying information (loose-leaf edition)
035 ## - SYSTEM CONTROL NUMBER
System control number 20727021
040 ## - CATALOGING SOURCE
Original cataloging agency DLC
Language of cataloging eng
Transcribing agency DLC
Description conventions rda
Modifying agency DLC
042 ## - AUTHENTICATION CODE
Authentication code pcc
050 00 - LIBRARY OF CONGRESS CALL NUMBER
Classification number HD45.S335 2023
082 00 - DEWEY DECIMAL CLASSIFICATION NUMBER
Classification number 658.4/012
Edition number 23
100 1# - MAIN ENTRY--PERSONAL NAME
Personal name Schilling, Melissa A.,
Relator term author.
245 10 - TITLE STATEMENT
Title Strategic management of technological innovation /
Statement of responsibility, etc Melissa A. Schilling, New York University.
250 ## - EDITION STATEMENT
Edition statement Seventh edition.
300 ## - PHYSICAL DESCRIPTION
Extent 345 pages :
Other physical details illustrations ;
Dimensions 25 cm
650 #0 - SUBJECT ADDED ENTRY--TOPICAL TERM
Topical term or geographic name as entry element Technological innovations
General subdivision Management.
650 #0 - SUBJECT ADDED ENTRY--TOPICAL TERM
Topical term or geographic name as entry element New products
General subdivision Management.
650 #0 - SUBJECT ADDED ENTRY--TOPICAL TERM
Topical term or geographic name as entry element Strategic planning.
906 ## - LOCAL DATA ELEMENT F, LDF (RLIN)
a 7
b cbc
c orignew
d 1
e ecip
f 20
g y-gencatlg
942 ## - ADDED ENTRY ELEMENTS (KOHA)
Source of classification or shelving scheme
Koha item type Book
Holdings
Withdrawn status Lost status Source of classification or shelving scheme Damaged status Not for loan Home library Current library Shelving location Date acquired Total Checkouts Full call number Barcode Date last seen Copy number Price effective from Koha item type
          Riara University Library Riara University Library General stack 30/03/2026   HD45.S335 2023 10896/26 30/03/2026 C.1 30/03/2026 Book
          Riara University Library Riara University Library General stack 30/03/2026   HD45.S335 2023 10897/26 30/03/2026 C.2 30/03/2026 Book

Riara University Library,
P.O. Box 49940-00100,
Nairobi, Kenya.